000
00329nam a2200133Ia 4500
008
191201s2008 xx 000 0 und d
100
_a
Bali, N P
245
2
_a
A text book of Engineering Mathematics 1st
250
_a
5th
260
_c
2008
_b
Laxmi Publications
_a
N.Delhi
300
_a
375
650
_a
APPLIED
942
_2
ddc
_c
BB
999
_c
7311
_d
7311